Les Gays Games - Statistiques

Statistiques générales
  • Ce quiz a été pris 62 fois
  • Le résultat moyen est 6 sur 12
Statistiques - réponses
Année Pays Ville(s) % Correct
2018 France Paris
92%
1994 Etats-Unis New York
85%
2002 Australie Sydney
70%
1998 Pays-Bas Amsterdam
68%
2006 Etats-Unis Chicago
55%
1990 Canada Vancouver
51%
1982 Etats-Unis San Francisco
43%
1986 Etats-Unis San Francisco
43%
2026 Espagne Valence
36%
2023 Chine Hong-Kong
26%
2010 Allemagne Cologne
23%
2014 Etats-Unis {Cleveland} et {Akron}
0%
Aucun quiz correspondant
Distribution des résultats
% des personnes avec chaque résultat
Percentile par nombre de réponses
Votre historique - résultats
Vous n’avez pas pris ce quiz